000 00594nam a22001697a 4500
003 OSt
005 20260301144601.0
008 260301b |||||||| |||| 00| 0 eng d
020 _a9798856367033
040 _cn
100 _aKing, Phoebe
245 _aAI in the Construction Industry: Modern Methods for Smart Buildings /
_cPhoebe King
260 _bUnited States. USA. 2023
300 _a44 pages, 22 cm
650 _aArtificial intelligence in construction – Smart building technologies – AI applications for design and management – Construction innovation.
942 _2ddc
_cBK-EN
_n0
999 _c8531
_d8531